000 00582nam a22001937a 4500
005 20260120120634.0
010 _aENG-147546
020 _a9789357318310
_c699.00
035 _aEN-131078
037 _bDBAD
082 _a954.11
_21
100 _aHamdani, Sameer
_986622
245 _aCity of Kashmir/
_cSameer Hamdani
260 _aGurugram
_bHachette Book Publishing Pvt. Ltd.
_c2025
270 _a4th&5th Floors, Corporate Centre Plot No. 94, Sector 44,
_bGurugram
_e122003
300 _a277p.
_c20cm(hb)
760 _b1
942 _2ddc
_cEN
_h954.11
_mHAM
_e1
999 _c214298
_d214298